| 000 | 01186nam a2200253 i 4500 | ||
|---|---|---|---|
| 001 | 165596 | ||
| 003 | ES-MaACL | ||
| 005 | 20250403133043.0 | ||
| 008 | 050905s1897 mx a | |||||||| ||spa d | ||
| 080 | _a091 Codez Tro-Cortesianus | ||
| 080 | _a94(72)"1517/21" | ||
| 100 | 1 |
_aSotomayor, Dámaso. _9132845 |
|
| 245 | 1 | 3 |
_aLa conquista de México efectuada por Hernán Cortés según el códice jeroglífico troano-americano : _bedición especial que con preliminares de la clave jeroglífica dedica... / _cDámaso Sotomayor. |
| 260 |
_aMéxico : _b[s.n.], _c1897 ( _eTip. de la Oficina Impresora del Timbre, Palacio Nacional) |
||
| 300 |
_a40 p., [1] h. pleg., [8] h. de lám. ; _c32 cm. |
||
| 530 | _aDisponible en formato digital. | ||
| 630 | 0 | 4 |
_aCodex Tro-Cortesianus. _9174371 |
| 650 | 4 |
_aCalendario maya. _9159083 |
|
| 651 | 4 |
_aMéxico- _xHistoria- _y1517-1521, Descubrimiento y conquista. _9136484 |
|
| 852 | 4 |
_aES-MaACL _j1662-F-2 _zRevisado enlace: 02 de Abril de 2025 _9171947 _cDEPOF _xRústica deteriorada |
|
| 856 | 4 |
_uhttp://simurg.bibliotecas.csic.es/viewer/image/990002221620204201/1/ _yFondos digitalizados del CSIC |
|
| 942 | _2udc | ||
| 999 |
_c165596 _d165596 |
||